| 000 | 00445 a2200133 4500 | ||
|---|---|---|---|
| 003 | Nust | ||
| 005 | 20170207170525.0 | ||
| 040 | _cNust | ||
| 082 | _a799 | ||
| 245 |
_aLec By Lt Col Dr Monis Akhlaq on Cyber Security Threats in Pak and Way Out,Photographs-2015 _cMCS |
||
| 260 |
_aRawalpindi _bMCS _c25-02-2015 |
||
| 650 | _aPictures of Lec By Lt Col Dr Monis Akhlaq on Cyber Security Threats in Pak and Way Out,Photographs-2015 | ||
| 651 | _aSweet Memories-MCS | ||
| 942 | _cBK | ||
| 999 |
_c215363 _d215363 |
||